Modely s rabatom pri predaji potravín bakalárska práca

Uložené v:
Podrobná bibliografia
Hlavný autor: Šidlík, Peter
Korporativný autor: Fakulta hospodárskej informatiky EU. Katedra operačného výskumu a ekonometrie
Ďalší autori: Čemická, Katarína
Médium: Kniha
Jazyk:Slovak
Vydavateľské údaje: Bratislava 2015
Tagy: Pridať tag
Žiadne tagy, Buďte prvý, kto otaguje tento záznam!

MARC

LEADER 00000nbm a2200000 4500
001 0206577
005 20161212114940.4
041 0 |a slo 
044 |a SK 
245 1 0 |a Modely s rabatom pri predaji potravín  |b bakalárska práca  |c Peter Šidlík ; školiteľ: Katarína Čemická 
264 1 |a Bratislava  |c 2015 
300 |a 36 s. 
100 1 |a Šidlík, Peter 
700 1 |a Čemická, Katarína 
710 2 |a Fakulta hospodárskej informatiky EU. Katedra operačného výskumu a ekonometrie